| 000 | 00842nam a2200277Ia 4500 | ||
|---|---|---|---|
| 001 | Z_2255 | ||
| 003 | CHAP | ||
| 008 | 220113s1994 xx 000 0 und d | ||
| 010 | _a165311 | ||
| 040 | _cCHAP | ||
| 090 | _aTesis H 908 | ||
| 100 |
_aHernández Rodríguez, Blas _954541 |
||
| 245 |
_aMantenimiento del rendimiento en los pastos llaneros (Andropogon gayanus) y Buffel (Cenchrus ciliaris) / _cpor Blas Hernández Rodríguez |
||
| 260 |
_aChapingo, Méx. : _bEl autor, _c1994 |
||
| 300 | _a43 h | ||
| 502 | _aTesis (Ing. Agr. Esp. en Zootecnia) -- UACH. Departamento de Zootecnia | ||
| 650 |
_aAndropogon gayanus _95727 |
||
| 650 | 7 |
_aPastos forrajeros _xRendimiento _2 _986118 |
|
| 650 |
_aZacate buffel _9123395 |
||
| 901 | _aTESIS H 908 | ||
| 902 | _aM | ||
| 910 | _a1994 | ||
| 942 | _c2 | ||
| 942 | _c2 | ||
| 999 |
_c165311 _d165311 |
||